Biblioteca

Las raíces de la cultura occidental : Las opciones pagana, secular, y cristiana / Herman Dooyeweerd; Adolfo García de la Sierna, Traductor (Registro nro. 36969)

Detalles MARC
000 -LÍDER
Campo fijo de descripción fija 008240000a22001930004500
001 - NÚMERO DE CONTROL
Campo de control 6702
020 ## - NÚMERO INTERNACIONAL NORMALIZADO PARA LIBROS
Número Internacional Normalizado del libro 84-7645-998-X
041 0# - CÓDIGO DE IDIOMA
Código de idioma para texto/pista de sonido o título separado
082 04 - NÚMERO DE CLASIFICACIÓN DECIMAL DEWEY
Número de clasificación G 261 D6919r
100 1# - ASIENTO PRINCIPAL--NOMBRE PERSONAL
Nombre personal Dooyeweerd, Herman (1894–1977)
245 10 - TÍTULO
Título del Material Las raíces de la cultura occidental : Las opciones pagana, secular, y cristiana / Herman Dooyeweerd; Adolfo García de la Sierna, Traductor
260 ## - PUBLICACIÓN, DISTRIBUCIÓN, ETC. (PIE DE IMPRENTA)
Lugar de publicación, distribución, etc. Terrassa, Barcelona, España : CLIE
300 ## - DESCRIPCIÓN FÍSICA
Extensión 244 Pag
336 ## - CONTENT TYPE
Content type term texto
Content type code txt
Source rdacontent
337 ## - MEDIA TYPE
Source rdamedia
Media type term sin mediación
Media type code n
338 ## - CARRIER TYPE
Source rdacarrier
Carrier type term volumen
Carrier type code nc
505 00 - NOTA DE CONTENIDO
Nota de contenido con formato preestablecido Las raíces de la cultura occidental - La soberanía de las esferas - Historia, historicismo y normas - La fe y la cultura - La gran sintesis - El humanismo clásico - Redirección romántica - El surgimiento del pensamiento social.
942 ## - TIPO DE MATERIAL (KOHA)
Tipo de Item KOHA Libros General
Existencias
Estado de Material Estado de Perdido Estado de Dañado No para Préstamo Colección Tomo Biblioteca de Origen Biblioteca Permanente Fecha de Adquisición Total de Préstamos Total de Renovaciones Signatura Topográfica Código de Barras Última vez visto Última vez Préstado Ejemplar/Existencia Fecha de Remplazo Tipo de Material
        Colección General   Biblioteca FUSBC Biblioteca FUSBC 05/01/2005 4 1 G 261 D6919r 5707 10/02/2021 19/01/2021 1 26/01/2016 Libros General

Biblioteca FUSBC | Teléfono: (57+4) 349 88 10 Ext. 141| WhatsApp (+57) 3005338115 
E-mail: biblioteca@unisbc.edu.co | Calle 76 87-14 Robledo Palenque, Medellín, Colombia

Con tecnología Koha